000 00647nam a2200205 a 4500
001 000012494
005 20250207125148.0
008 091113s1999 dr r 000 j spa d
040 _aDO-SdBNP
_bspa
_cBNPHU
082 _aRD863.44
_bM663c
100 1 _aMinaya, Ligia,
_d1941-
_923177
245 1 3 _aEl callejón de las flores /
_cLigia Minaya.
260 _aSanto Domingo :
_bCocolo,
_c1999.
300 _a88 p. ;
_c21 cm.
500 _aIncluye datos biográficos de la autora.
590 _aInventariado, 2020/MAA
650 0 _aCuentos dominicanos
_9176
650 0 _aLiteratura dominicana.
_967
910 _aValidado. Control de calidad. MMOLINA
999 _c12150
_d12150